| 000 | 00352nam a2200121 4500 | ||
|---|---|---|---|
| 999 |
_c511916 _d511916 |
||
| 082 | _aO91x54 In2w | ||
| 100 |
_aIndia.Ministry of Environment and Forests _912407 |
||
| 245 | _aReport of the High Level Working Group on Western Ghats | ||
| 260 |
_aNew Delhi _bThe author |
||
| 300 | _a143p | ||
| 440 |
_vv.1 _912411 |
||
| 650 |
_aIndia--Western Ghats _912453 |
||